| 000 | 00525cam a2200193ua 4500 | ||
|---|---|---|---|
| 020 | _c22.60 | ||
| 041 |
_aeng _h |
||
| 082 |
_a428.1 _bGRE/WO |
||
| 100 | _aGreenough, James Bradstreet . | ||
| 245 |
_aWords and their ways in English speech / _cJames Bradstreet Greenough. _hTextual Documents |
||
| 250 |
_a1 / _b. |
||
| 260 |
_aNew York : _bMcMillan Publishing Co , _c1961. |
||
| 300 | _a431 ; . | ||
| 365 | _a22.60 | ||
| 504 | _a | ||
| 700 | 1 | _aKittredge, George Lyman . | |
| 942 | _cBK | ||
| 999 |
_c5686 _d5686 |
||